[Event "Campeonato Nacional de Ajedrez Femenino 2015  "]
[Site "FDA, Santo Domingo"]
[Date "2015.03.14"]
[Round "6"]
[Board "3"]
[White "Villar Acevedo, Darlin Rocio"]
[Black "Alfau Sencion, Lisbeth"]
[Result "1-0"]
[WhiteElo "1694"]
[BlackElo "1624"]
[PlyCount "129"]
[EventDate "2015.03.06"]
[EventRounds "8"]
[EventCountry "DOM"]

1. e4 c5 2. Nf3 d6 3. d4 cxd4 4. Nxd4 Nf6 5. Nc3 a6 6. Be2 b5 7. a3 e5 8. Nb3
Bb7 9. Bd3 Be7 10. O-O O-O 11. Re1 Nc6 12. Be3 Qc7 13. Qf3 Rfe8 14. Ne2 Rad8
15. Ng3 d5 16. Rad1 dxe4 17. Nxe4 Nxe4 18. Bxe4 Bf8 19. Qh5 g6 20. Qf3 Nd4 21.
Bxd4 Bxe4 22. Rxe4 exd4 23. Rxe8 Rxe8 24. Nxd4 Qe5 25. Qc3 Bc5 26. Qe3 Qxe3 27.
fxe3 Rxe3 28. Kf2 Re7 29. c3 Kf8 30. Rd3 Ke8 31. Kf3 Rd7 32. Ke2 Re7+ 33. Kd2
Rd7 34. Nc6 Rxd3+ 35. Kxd3 Bd6 36. h3 Kd7 37. Nb4 Bxb4 38. axb4 Kc6 39. b3 f6
40. c4 bxc4+ 41. bxc4 h5 42. Ke4 Kd6 43. Kf4 Kc6 44. h4 Kd6 45. g3 Kc6 46. Kf3
Kd6 47. g4 hxg4+ 48. Kxg4 Kc6 49. h5 f5+ 50. Kf4 gxh5 51. Kxf5 h4 52. Kg4 h3
53. Kxh3 Kd6 54. Kg4 Kc6 55. Kf4 Kd6 56. Ke4 Kc6 57. Ke5 Kc7 58. Kd5 Kd7 59. c5
Kc7 60. c6 Kd8 61. Kd6 Kc8 62. c7 a5 63. bxa5 Kb7 64. Kd7 Ka7 65. Kd8 1-0

[Event "Campeonato Nacional de Ajedrez Femenino 2015  "]
[Site "FDA, Santo Domingo"]
[Date "2015.03.14"]
[Round "6"]
[Board "4"]
[White "Hazim Gonzalez, Elizabeth"]
[Black "Rosario Almanzar, Raydili"]
[Result "1-0"]
[WhiteElo "1805"]
[BlackElo "1714"]
[PlyCount "85"]
[EventDate "2015.03.06"]
[EventRounds "8"]
[EventCountry "DOM"]

1. e4 e5 2. Bc4 Nf6 3. d3 h6 4. Nf3 Nc6 5. c3 Bc5 6. O-O d6 7. Nbd2 O-O 8. h3
Bb6 9. Re1 Re8 10. Nf1 a6 11. Bb3 Na5 12. Bc2 Nc6 13. Ng3 Bd7 14. d4 exd4 15.
cxd4 Ba5 16. Bd2 Bxd2 17. Qxd2 a5 18. a3 Nh7 19. e5 dxe5 20. dxe5 Be6 21. Qf4
Ng5 22. Rad1 Nxf3+ 23. Qxf3 Qe7 24. Qe4 g6 25. f4 Qc5+ 26. Kh2 Qc4 27. Qxc4
Bxc4 28. Ne4 Kg7 29. Rd7 Re7 30. Red1 Be6 31. Rxe7 Nxe7 32. g4 Nd5 33. Kg3 Ne3
34. Rc1 Nxc2 35. Rxc2 Bd5 36. Nf6 Bc6 37. Rd2 a4 38. h4 Rf8 39. Kf2 Ra8 40. Ke3
Rf8 41. f5 gxf5 42. gxf5 Kh8 43. Kf4 1-0

[Event "Campeonato Nacional de Ajedrez Femenino 2015  "]
[Site "FDA, Santo Domingo"]
[Date "2015.03.14"]
[Round "6"]
[Board "5"]
[White "Coronado Paulino, Katerine E."]
[Black "Santos Almonte, Carol"]
[Result "1-0"]
[WhiteElo "1651"]
[BlackElo "1797"]
[PlyCount "41"]
[EventDate "2015.03.06"]
[EventRounds "8"]
[EventCountry "DOM"]

1. e4 e6 2. d4 d5 3. Nc3 Bb4 4. e5 Ne7 5. a3 Bxc3+ 6. bxc3 c5 7. Nf3 Nbc6 8.
Be2 b6 9. O-O O-O 10. Re1 h6 11. Be3 Nf5 12. Bd3 cxd4 13. cxd4 Nfe7 14. Qd2 f5
15. exf6 Rxf6 16. Ne5 Nxe5 17. dxe5 Rf7 18. Qe2 Nf5 19. Qg4 Kf8 20. Bd2 Qh4 21.
Bxf5 1-0

[Event "Campeonato Nacional de Ajedrez Femenino 2015  "]
[Site "FDA, Santo Domingo"]
[Date "2015.03.14"]
[Round "6"]
[Board "6"]
[White "Moronta Ramos, Dianelva"]
[Black "Joaquin Salcedo, Candida"]
[Result "1-0"]
[WhiteElo "1694"]
[BlackElo "1753"]
[PlyCount "93"]
[EventDate "2015.03.06"]
[EventRounds "8"]
[EventCountry "DOM"]

1. d4 d5 2. Nf3 c5 3. c3 Nc6 4. Bf4 e6 5. e3 c4 6. Nbd2 Nf6 7. Ne5 Bd7 8. Ndf3
h6 9. h3 Be7 10. Be2 b5 11. a3 a5 12. O-O Ne4 13. Nd2 Nf6 14. Ndf3 b4 15. axb4
axb4 16. Rxa8 Qxa8 17. Qa1 O-O 18. Nxc6 Qxc6 19. Ne5 Qb7 20. Nxd7 Qxd7 21. cxb4
Bxb4 22. Qa2 Ne4 23. Ra1 Nd2 24. Qa4 Qxa4 25. Rxa4 Be7 26. Ra7 Re8 27. Bh5 g6
28. Bd1 Bf6 29. Bxh6 Rb8 30. Ba4 Rxb2 31. Be8 Bg7 32. Bxf7+ Kf8 33. Bxg7+ Kxg7
34. Bxe6+ Kf8 35. Ra1 Rb1+ 36. Rxb1 Nxb1 37. Bxd5 c3 38. Be4 Nd2 39. Bxg6 Ke7
40. h4 Kd6 41. h5 Kd5 42. Bd3 Ke6 43. h6 Kf6 44. h7 Kg7 45. d5 Nc4 46. Kf1 Ne5
47. Bc2 1-0

[Event "Campeonato Nacional de Ajedrez Femenino 2015  "]
[Site "FDA, Santo Domingo"]
[Date "2015.03.14"]
[Round "6"]
[Board "7"]
[White "Estevez, Vianyelis Stephanie"]
[Black "Castillo Pena, Patricia Evaris"]
[Result "0-1"]
[WhiteElo "1536"]
[BlackElo "1739"]
[PlyCount "64"]
[EventDate "2015.03.06"]
[EventRounds "8"]
[EventCountry "DOM"]

1. e4 e6 2. d4 d5 3. exd5 exd5 4. c4 c6 5. Nc3 Nf6 6. Nf3 Be7 7. Bd3 O-O 8. O-O
Bg4 9. Re1 Nbd7 10. Be3 Bd6 11. c5 Bc7 12. h3 Bh5 13. Be2 h6 14. Qd2 Bg6 15.
Rad1 Ba5 16. a3 Ne4 17. Qc1 Nxc3 18. bxc3 b6 19. cxb6 Qxb6 20. Ne5 Nxe5 21.
dxe5 Qc7 22. f4 Rab8 23. Qd2 Rb3 24. Rc1 Rfb8 25. Bc5 Bb6 26. Bxb6 Qxb6+ 27.
Kh2 Be4 28. Ra1 Qf2 29. Rg1 Rb2 30. Raf1 Qxe2 31. Qxe2 Rxe2 32. Kg3 Rbb2 0-1

[Event "Campeonato Nacional de Ajedrez Femenino 2015  "]
[Site "FDA, Santo Domingo"]
[Date "2015.03.14"]
[Round "6"]
[Board "8"]
[White "Fermin Dicent, Ellian Lissette"]
[Black "Coronado, Karen"]
[Result "1-0"]
[WhiteElo "1683"]
[BlackElo "1673"]
[PlyCount "103"]
[EventDate "2015.03.06"]
[EventRounds "8"]
[EventCountry "DOM"]

1. d4 Nf6 2. e3 g6 3. Bd3 Bg7 4. Nf3 O-O 5. c4 d6 6. h3 Nbd7 7. O-O e5 8. Nc3
Re8 9. dxe5 dxe5 10. Bc2 b6 11. Nd5 Ba6 12. Bb3 Nc5 13. Re1 e4 14. Nh2 Nd3 15.
Nxf6+ Bxf6 16. Re2 Qe7 17. Rd2 Red8 18. Rb1 Rd6 19. Nf1 Rad8 20. a3 c5 21. Ba2
Bg5 22. b3 f5 23. b4 Qf7 24. b5 Bb7 25. Bb2 f4 26. Qg4 fxe3 27. fxe3 Bf6 28.
Bxf6 Rxf6 29. Ng3 Rf2 30. Rbd1 Rxd2 31. Rxd2 Re8 32. Bb1 Bc8 33. Qe2 Qxc4 34.
Ba2 Be6 35. Bxc4 Bxc4 36. Qg4 Bxb5 37. Nxe4 Kg7 38. Rxd3 Re7 39. Rc3 h5 40. Qh4
Re6 41. Qf4 a6 42. Qb8 Be2 43. Ng3 Bb5 44. Qc7+ Kh6 45. Rb3 h4 46. Nf1 Rf6 47.
Rxb5 axb5 48. Nd2 c4 49. Ne4 Rf5 50. Qxb6 Re5 51. Qd4 Rf5 52. Nd6 1-0

[Event "Campeonato Nacional de Ajedrez Femenino 2015  "]
[Site "FDA, Santo Domingo"]
[Date "2015.03.14"]
[Round "6"]
[Board "9"]
[White "Quiroz Farias, Yelibeth"]
[Black "Adames Rojas, Ariella"]
[Result "1-0"]
[WhiteElo "1755"]
[BlackElo "1750"]
[PlyCount "109"]
[EventDate "2015.03.06"]
[EventRounds "8"]
[EventCountry "DOM"]

1. e4 c5 2. Nf3 g6 3. d4 cxd4 4. Nxd4 Bg7 5. Be3 Nc6 6. c3 Nf6 7. Bd3 O-O 8.
O-O d5 9. Nd2 Nxd4 10. Bxd4 Qc7 11. Bxf6 Bxf6 12. exd5 Rd8 13. Qf3 Rb8 14. Ne4
Bg7 15. Rad1 b5 16. Bc2 b4 17. Bb3 Qe5 18. Rfe1 bxc3 19. bxc3 Bf5 20. c4 Bxe4
21. Qxe4 Qxe4 22. Rxe4 Rd7 23. c5 Rbd8 24. c6 Rc7 25. Rde1 Kf8 26. g4 Bc3 27.
R1e3 Bd2 28. Rf3 f6 29. h4 h6 30. Rd3 Bc1 31. Re1 Ba3 32. f4 Bc5+ 33. Kg2 Bd6
34. Kf3 Rcc8 35. Re6 Bb4 36. g5 hxg5 37. hxg5 Kf7 38. gxf6 exf6 39. d6 Rxc6 40.
Re4+ Kf8 41. Rxb4 Rcxd6 42. Rxd6 Rxd6 43. Rb8+ Ke7 44. Ba4 Ke6 45. Rg8 Rd3+ 46.
Kg4 Kf7 47. Ra8 f5+ 48. Kh4 Rf3 49. Rxa7+ Kf6 50. Bb3 Rxf4+ 51. Kg3 Kg5 52. Ra6
Rg4+ 53. Kf3 Kh4 54. Bf7 g5 55. Rh6# 1-0

[Event "Campeonato Nacional de Ajedrez Femenino 2015  "]
[Site "FDA, Santo Domingo"]
[Date "2015.03.14"]
[Round "6"]
[Board "12"]
[White "Camacho Rosario, Cristal"]
[Black "Rodriguez Espaillat, Escarlet"]
[Result "0-1"]
[WhiteElo "1562"]
[BlackElo "1642"]
[PlyCount "90"]
[EventDate "2015.03.06"]
[EventRounds "8"]
[EventCountry "DOM"]

1. e4 c6 2. d4 d5 3. Nc3 dxe4 4. Nxe4 Bf5 5. Nc3 e6 6. a3 Nf6 7. Nf3 Qc7 8. Be3
Bd6 9. Be2 Nd5 10. Nxd5 cxd5 11. h3 Qxc2 12. Qxc2 Bxc2 13. Rc1 Bg6 14. O-O O-O
15. Rfd1 Nd7 16. Nh4 Nb6 17. Nxg6 hxg6 18. h4 Rac8 19. h5 gxh5 20. Bxh5 g6 21.
Be2 Rxc1 22. Rxc1 Rc8 23. Rxc8+ Nxc8 24. Bc1 Ne7 25. b3 Nc6 26. Bb2 Kg7 27. g3
Kf6 28. Kg2 Be7 29. Kf3 Kg7 30. b4 Bg5 31. Kg4 Bf6 32. f4 Bxd4 33. Bxd4+ Nxd4
34. Bd3 f5+ 35. Kh3 Nf3 36. Bb5 Nd4 37. Bd7 Kf7 38. a4 Nc2 39. b5 Ne3 40. Bc8
b6 41. Bd7 d4 42. Kh2 d3 43. Bc6 d2 44. Bf3 d1=Q 45. Bxd1 Nxd1 0-1

[Event "Campeonato Nacional de Ajedrez Femenino 2015  "]
[Site "FDA, Santo Domingo"]
[Date "2015.03.14"]
[Round "6"]
[Board "13"]
[White "Cabreja Lora, Suzette"]
[Black "Jimenez Medina, Laura Violeta"]
[Result "1-0"]
[WhiteElo "1535"]
[BlackElo "1662"]
[PlyCount "39"]
[EventDate "2015.03.06"]
[EventRounds "8"]
[EventCountry "DOM"]

1. e4 e5 2. Nf3 Nc6 3. Bc4 g6 4. Nc3 Bg7 5. d3 Nf6 6. O-O d6 7. h3 Bd7 8. Nd5
Na5 9. Nxf6+ Qxf6 10. Bd5 O-O-O 11. Bg5 Qxg5 12. Nxg5 Be8 13. Bxf7 Rd7 14. Bxe8
Rxe8 15. Qg4 Red8 16. Ne6 b6 17. Nxd8 Kxd8 18. Qh4+ Kc8 19. Qxh7 Nc6 20. Qxg6
 1-0

[Event "Campeonato Nacional de Ajedrez Femenino 2015  "]
[Site "FDA, Santo Domingo"]
[Date "2015.03.14"]
[Round "7"]
[Board "1"]
[White "Diaz Cesar, Wilsaida Pieranlly"]
[Black "Munoz Santana, Doribel"]
[Result "1-0"]
[WhiteElo "1830"]
[BlackElo "1905"]
[PlyCount "53"]
[EventDate "2015.03.06"]
[EventRounds "8"]
[EventCountry "DOM"]

1. d4 Nf6 2. c4 e6 3. Nf3 Bb4+ 4. Nbd2 O-O 5. a3 Bxd2+ 6. Bxd2 b6 7. e3 Bb7 8.
Be2 d6 9. O-O Nbd7 10. b4 c5 11. Qb3 Ne4 12. Be1 f5 13. Nd2 Qf6 14. Rd1 Ng5 15.
dxc5 Qg6 16. f3 dxc5 17. Nb1 Ne5 18. Bg3 Nc6 19. Nc3 cxb4 20. axb4 Rad8 21. c5
f4 22. exf4 Rxf4 23. Rxd8+ Nxd8 24. Rd1 Rf8 25. Bc7 Qf6 26. Ne4 Qe7 27. Bd6 1-0

[Event "Campeonato Nacional de Ajedrez Femenino 2015  "]
[Site "FDA, Santo Domingo"]
[Date "2015.03.14"]
[Round "7"]
[Board "2"]
[White "Hazim Gonzalez, Elizabeth"]
[Black "Villar Acevedo, Darlin Rocio"]
[Result "1/2-1/2"]
[WhiteElo "1805"]
[BlackElo "1694"]
[PlyCount "72"]
[EventDate "2015.03.06"]
[EventRounds "8"]
[EventCountry "DOM"]

1. e4 c6 2. d4 d5 3. exd5 cxd5 4. Bd3 Nf6 5. Bf4 Nc6 6. c3 e6 7. Nf3 Be7 8.
Nbd2 O-O 9. O-O b6 10. Re1 Bb7 11. Ne5 Nd7 12. Ndf3 Ndxe5 13. Nxe5 Nxe5 14.
dxe5 g6 15. Bh6 Re8 16. Qg4 Bf8 17. Bd2 a5 18. Bb5 Re7 19. Bg5 Rc8 20. Rad1 Bc6
21. Bd3 Qc7 22. Bxe7 Bxe7 23. Re2 Qd7 24. Re3 Bb5 25. Bb1 Qc7 26. Rde1 Kg7 27.
Rh3 d4 28. Qxd4 Rd8 29. Qf4 h5 30. Rf3 Rf8 31. Rc1 Qc4 32. Qe3 Rd8 33. Re1 Rd5
34. b3 Qg4 35. c4 Bc5 36. Qe2 Ba3 1/2-1/2

[Event "Campeonato Nacional de Ajedrez Femenino 2015  "]
[Site "FDA, Santo Domingo"]
[Date "2015.03.14"]
[Round "7"]
[Board "3"]
[White "Jose Polanco, Kenia"]
[Black "Fermin Dicent, Ellian Lissette"]
[Result "1-0"]
[WhiteElo "1889"]
[BlackElo "1683"]
[PlyCount "97"]
[EventDate "2015.03.06"]
[EventRounds "8"]
[EventCountry "DOM"]

1. d4 Nf6 2. Nf3 d6 3. c4 b6 4. Nc3 Bb7 5. e3 e6 6. Qc2 Nbd7 7. Be2 Be7 8. O-O
O-O 9. e4 h6 10. b3 Re8 11. Bb2 a6 12. Rad1 Nh7 13. e5 dxe5 14. dxe5 c5 15. Ne4
Rf8 16. Nd6 Bc6 17. Bd3 Ng5 18. Nxg5 Bxg5 19. f4 Bh4 20. Be4 Qc7 21. Rd2 f5 22.
Bxc6 Qxc6 23. Qd1 g6 24. Nxf5 exf5 25. Rxd7 Rad8 26. Rd5 Qe6 27. Qf3 Be7 28.
Rfd1 Rfe8 29. Rxd8 Rxd8 30. Rxd8+ Bxd8 31. Qd5 Qxd5 32. cxd5 Kf7 33. Kf2 Ke7
34. Kf3 Kd7 35. Ba3 a5 36. Ke3 g5 37. g4 gxf4+ 38. Kxf4 fxg4 39. Kxg4 Bg5 40.
h4 Bd8 41. Bc1 b5 42. Bxh6 c4 43. bxc4 bxc4 44. Bd2 Bb6 45. Bc3 Ke7 46. Kf5 a4
47. h5 Be3 48. Kg6 Bf4 49. h6 1-0

[Event "Campeonato Nacional de Ajedrez Femenino 2015  "]
[Site "FDA, Santo Domingo"]
[Date "2015.03.14"]
[Round "7"]
[Board "4"]
[White "Castillo Pena, Patricia Evaris"]
[Black "Coronado Paulino, Katerine E."]
[Result "1-0"]
[WhiteElo "1739"]
[BlackElo "1651"]
[PlyCount "75"]
[EventDate "2015.03.06"]
[EventRounds "8"]
[EventCountry "DOM"]

1. c4 Nf6 2. Nc3 d5 3. d4 e6 4. Nf3 c5 5. e3 Nc6 6. Bd3 cxd4 7. exd4 h6 8. a3
a6 9. O-O Qc7 10. Qe2 Be7 11. c5 b6 12. b4 Qb8 13. Re1 b5 14. Bd2 Bd8 15. g3
Bc7 16. Rab1 O-O 17. Bc2 Re8 18. Qd3 Ne7 19. g4 Bf4 20. g5 hxg5 21. Ne5 Nf5 22.
Kh1 Kf8 23. Bxf4 gxf4 24. Rg1 Nd7 25. Rbe1 Nxe5 26. dxe5 Bb7 27. f3 d4 28. Ne4
Bxe4 29. Rxe4 Ke7 30. Re2 Ne3 31. Qxd4 Nxc2 32. Rxc2 Rd8 33. Qxf4 Rd5 34. Rxg7
Rd1+ 35. Kg2 Qf8 36. Qg5+ Kd7 37. c6+ Kc7 38. Qf6 1-0

[Event "Campeonato Nacional de Ajedrez Femenino 2015  "]
[Site "FDA, Santo Domingo"]
[Date "2015.03.14"]
[Round "7"]
[Board "5"]
[White "Almanzar Vasquez, Jennifer Mar"]
[Black "Moronta Ramos, Dianelva"]
[Result "1-0"]
[WhiteElo "1737"]
[BlackElo "1694"]
[PlyCount "147"]
[EventDate "2015.03.06"]
[EventRounds "8"]
[EventCountry "DOM"]

1. e4 c6 2. Nf3 d5 3. Nc3 dxe4 4. Nxe4 Nd7 5. Qe2 e6 6. d3 Ngf6 7. g3 Be7 8.
Bg2 h6 9. O-O O-O 10. d4 Nxe4 11. Qxe4 Nf6 12. Qd3 Re8 13. Ne5 Bd7 14. Qf3 Bd6
15. c4 Rc8 16. Bf4 Qe7 17. Rfd1 a6 18. Rac1 Bb8 19. Qb3 b5 20. Nd3 Bxf4 21.
Nxf4 bxc4 22. Qxc4 Nd5 23. Nd3 Rb8 24. Qc5 Qxc5 25. Nxc5 Bc8 26. b3 Re7 27. Kf1
a5 28. Bf3 Rc7 29. Be2 Ra8 30. Ke1 Raa7 31. Bc4 g6 32. Be2 Nb4 33. a3 Na6 34.
Bxa6 Bxa6 35. Nxa6 Rxa6 36. Rc5 Rb7 37. Rb1 Rab6 38. Rxa5 Rxb3 39. Rxb3 Rxb3
40. Ke2 Kg7 41. Ra6 h5 42. Rxc6 Rxa3 43. Rc2 Kf6 44. Rd2 Rb3 45. f3 Ra3 46. Kf2
Ra1 47. Ke3 Re1+ 48. Kd3 Rf1 49. Ke3 Re1+ 50. Kf2 Rh1 51. Ke3 Re1+ 52. Kf2 Rh1
53. Ke3 Re1+ 54. Re2 Rxe2+ 55. Kxe2 g5 56. Ke3 Kf5 57. h3 g4 58. hxg4+ hxg4 59.
f4 f6 60. Kd3 Kg6 61. Ke4 f5+ 62. Ke5 Kf7 63. Kd6 Kf6 64. Kd7 Kf7 65. Kd8 Kf8
66. Kd7 Kf7 67. Kd6 Kf6 68. d5 e5 69. fxe5+ Kf7 70. Kd7 f4 71. e6+ Kf6 72. e7
fxg3 73. e8=Q g2 74. Qe3 1-0

[Event "Campeonato Nacional de Ajedrez Femenino 2015  "]
[Site "FDA, Santo Domingo"]
[Date "2015.03.14"]
[Round "7"]
[Board "6"]
[White "Joaquin Salcedo, Candida"]
[Black "Quiroz Farias, Yelibeth"]
[Result "1-0"]
[WhiteElo "1753"]
[BlackElo "1755"]
[PlyCount "68"]
[EventDate "2015.03.06"]
[EventRounds "8"]
[EventCountry "DOM"]

1. e4 e5 2. Nf3 Nc6 3. Bc4 Be7 4. d3 d6 5. a3 Bg4 6. Be3 Nf6 7. c3 d5 8. exd5
Nxd5 9. Nbd2 Bh5 10. O-O O-O 11. Qb3 Na5 12. Qa4 Nxc4 13. Qxc4 Bxf3 14. Nxf3
Bf6 15. Nd2 a6 16. Ne4 Re8 17. Rad1 h6 18. Nc5 b5 19. Qg4 Qc8 20. Qg3 Kh7 21.
Ne4 Qe6 22. d4 exd4 23. Nxf6+ Nxf6 24. Bxd4 c6 25. Bxf6 Qxf6 26. Rd6 Re6 27.
Rfd1 Rae8 28. Qd3+ g6 29. h3 c5 30. Qd5 c4 31. f4 Kg8 32. f5 Re1+ 33. Rxe1
Rxe1+ 34. Kh2 gxf5 1-0

[Event "Campeonato Nacional de Ajedrez Femenino 2015  "]
[Site "FDA, Santo Domingo"]
[Date "2015.03.14"]
[Round "7"]
[Board "7"]
[White "Alfau Sencion, Lisbeth"]
[Black "Clark Muller, Gema Mabel"]
[Result "1-0"]
[WhiteElo "1624"]
[BlackElo "1607"]
[PlyCount "77"]
[EventDate "2015.03.06"]
[EventRounds "8"]
[EventCountry "DOM"]

1. e4 d6 2. d4 Nf6 3. Nc3 g6 4. Nf3 Bg7 5. Be2 a6 6. O-O Nbd7 7. h3 c5 8. Bg5
cxd4 9. Nxd4 Nc5 10. Bf3 O-O 11. Qd2 Ne8 12. Rfe1 Ne6 13. Nxe6 Bxe6 14. Rad1 f5
15. exf5 Rxf5 16. Rxe6 Nf6 17. Bxf6 Bxf6 18. Bd5 Kh8 19. Ree1 Qb6 20. Bb3 Bh4
21. Re2 Raf8 22. Rf1 Bg5 23. Qd3 Qc5 24. Ne4 Qc7 25. Nxg5 Rxg5 26. Rfe1 e5 27.
Re3 Qc5 28. Rf3 Rgf5 29. Rxf5 Rxf5 30. Qe3 Qb4 31. Qc3 Qf4 32. Rf1 b5 33. Qc8+
Kg7 34. Qxa6 Qb4 35. Qa7+ Kh6 36. Bg8 Qxb2 37. Qxh7+ Kg5 38. h4+ Kf4 39. Qxg6
 1-0

[Event "Campeonato Nacional de Ajedrez Femenino 2015  "]
[Site "FDA, Santo Domingo"]
[Date "2015.03.14"]
[Round "7"]
[Board "8"]
[White "Santos Almonte, Carol"]
[Black "Estevez, Vianyelis Stephanie"]
[Result "1-0"]
[WhiteElo "1797"]
[BlackElo "1536"]
[PlyCount "67"]
[EventDate "2015.03.06"]
[EventRounds "8"]
[EventCountry "DOM"]

1. d4 Nf6 2. c4 g6 3. Nc3 Bg7 4. f3 O-O 5. e4 d6 6. Be3 Nbd7 7. Qd2 Re8 8. Bh6
Bh8 9. h4 e5 10. d5 Nc5 11. g4 c6 12. h5 Bxg4 13. hxg6 hxg6 14. fxg4 Nxg4 15.
Be2 Nxh6 16. Qxh6 Bg7 17. Qh7+ Kf8 18. O-O-O Qg5+ 19. Kb1 f5 20. Nf3 Qf6 21.
Qh4 Kf7 22. Qxf6+ Bxf6 23. exf5 gxf5 24. dxc6 Ke6 25. cxb7 Nxb7 26. Nd5 Bh8 27.
Nc7+ Kd7 28. Nxa8 Rxa8 29. Rh7+ Kc6 30. Nh4 f4 31. Bf3+ Kc5 32. Rxb7 a5 33.
Rc7+ Kb6 34. Bxa8 1-0

[Event "Campeonato Nacional de Ajedrez Femenino 2015  "]
[Site "FDA, Santo Domingo"]
[Date "2015.03.14"]
[Round "7"]
[Board "10"]
[White "Rodriguez Espaillat, Escarlet"]
[Black "Rosario Almanzar, Raydili"]
[Result "0-1"]
[WhiteElo "1642"]
[BlackElo "1714"]
[PlyCount "100"]
[EventDate "2015.03.06"]
[EventRounds "8"]
[EventCountry "DOM"]

1. e4 e5 2. Nf3 Nc6 3. d4 exd4 4. Nxd4 Bc5 5. Be3 Qf6 6. c3 Nge7 7. f3 O-O 8.
Bc4 d6 9. O-O Be6 10. Be2 d5 11. exd5 Bxd5 12. Qd2 Nxd4 13. cxd4 Bb6 14. Nc3
Rfe8 15. Bf2 Rad8 16. Rad1 Nf5 17. Nxd5 Rxd5 18. Bc4 Rd7 19. d5 Bxf2+ 20. Rxf2
a6 21. Qf4 b5 22. Bb3 Rde7 23. Rfd2 Qb6+ 24. Rd4 Nxd4 25. Qxd4 Re1+ 26. Kf2
Rxd1 27. Qxb6 cxb6 28. Bxd1 Rd8 29. Bb3 Kf8 30. Ke3 Re8+ 31. Kf2 Ke7 32. Bc2 g6
33. a3 Kd6 34. Bb3 a5 35. h3 a4 36. Ba2 Rc8 37. Bb1 Kxd5 38. Ke3 Re8+ 39. Kd2
Kd4 40. Bd3 Kc5 41. Kc3 f5 42. b4+ axb3 43. Kxb3 Re3 44. Kc3 g5 45. Kd2 f4 46.
Bxh7 Rxa3 47. Bd3 Ra2+ 48. Bc2 Kd4 49. Kc1 Rxc2+ 50. Kxc2 Ke3 0-1

[Event "Campeonato Nacional de Ajedrez Femenino 2015  "]
[Site "FDA, Santo Domingo"]
[Date "2015.03.14"]
[Round "7"]
[Board "14"]
[White "Jimenez Medina, Laura Violeta"]
[Black "Camacho Rosario, Cristal"]
[Result "0-1"]
[WhiteElo "1662"]
[BlackElo "1562"]
[PlyCount "31"]
[EventDate "2015.03.06"]
[EventRounds "8"]
[EventCountry "DOM"]

1. e4 e5 2. Nf3 Nc6 3. Bc4 Bc5 4. O-O d6 5. d3 Bg4 6. h3 Bh5 7. Bg5 Nf6 8. Nc3
Nd4 9. g4 Bg6 10. Nh4 Qd7 11. Nxg6 hxg6 12. Qd2 Nf3+ 13. Kg2 Nxd2 14. Rh1 Nxc4
15. b4 Nb6 16. bxc5 0-1

[Event "Campeonato Nacional de Ajedrez Femenino 2015  "]
[Site "FDA, Santo Domingo"]
[Date "2015.03.15"]
[Round "8"]
[Board "1"]
[White "Villar Acevedo, Darlin Rocio"]
[Black "Diaz Cesar, Wilsaida Pieranlly"]
[Result "1/2-1/2"]
[WhiteElo "1694"]
[BlackElo "1830"]
[PlyCount "25"]
[EventDate "2015.03.06"]
[EventRounds "8"]
[EventCountry "DOM"]

1. e4 c5 2. Nf3 Nc6 3. d4 cxd4 4. Nxd4 Nf6 5. Nc3 d6 6. Be2 e6 7. O-O Be7 8.
Re1 a5 9. Be3 O-O 10. a3 Qc7 11. Rb1 Bd7 12. Bf1 Ne5 13. h3 1/2-1/2

[Event "Campeonato Nacional de Ajedrez Femenino 2015  "]
[Site "FDA, Santo Domingo"]
[Date "2015.03.15"]
[Round "8"]
[Board "3"]
[White "Alfau Sencion, Lisbeth"]
[Black "Almanzar Vasquez, Jennifer Mar"]
[Result "0-1"]
[WhiteElo "1624"]
[BlackElo "1737"]
[PlyCount "62"]
[EventDate "2015.03.06"]
[EventRounds "8"]
[EventCountry "DOM"]

1. e4 c5 2. Nf3 Nc6 3. d4 cxd4 4. Nxd4 Nf6 5. Nc3 e5 6. Ndb5 d6 7. Bg5 a6 8.
Bxf6 gxf6 9. Na3 b5 10. Nd5 Bg7 11. Bd3 Be6 12. O-O Bxd5 13. exd5 Ne7 14. Re1
f5 15. Bf1 e4 16. c3 O-O 17. Nc2 Kh8 18. Ne3 f4 19. Nc2 f5 20. Nd4 Bxd4 21.
Qxd4+ Kg8 22. Rac1 Ng6 23. c4 bxc4 24. Qxc4 Ne5 25. Qc7 Qf6 26. Qb7 Qg6 27. Kh1
f3 28. g3 f4 29. Bxa6 fxg3 30. hxg3 Qh6+ 31. Kg1 Ng4 0-1

[Event "Campeonato Nacional de Ajedrez Femenino 2015  "]
[Site "FDA, Santo Domingo"]
[Date "2015.03.15"]
[Round "8"]
[Board "4"]
[White "Munoz Santana, Doribel"]
[Black "Hazim Gonzalez, Elizabeth"]
[Result "1-0"]
[WhiteElo "1905"]
[BlackElo "1805"]
[PlyCount "47"]
[EventDate "2015.03.06"]
[EventRounds "8"]
[EventCountry "DOM"]

1. d4 Nf6 2. Nf3 e6 3. g3 b6 4. Bg2 Bb7 5. O-O Be7 6. c4 O-O 7. Nc3 d5 8. b3
Nbd7 9. Bb2 Ne8 10. cxd5 exd5 11. Rc1 f5 12. e3 c6 13. a3 Bd6 14. b4 Qe7 15.
Qb3 b5 16. Rfe1 Nc7 17. e4 fxe4 18. Nxe4 Rae8 19. Nc5 Qf7 20. Nxb7 Be7 21. Rxc6
Na8 22. Bh3 Bd8 23. Rxe8 Rxe8 24. Nxd8 1-0

[Event "Campeonato Nacional de Ajedrez Femenino 2015  "]
[Site "FDA, Santo Domingo"]
[Date "2015.03.15"]
[Round "8"]
[Board "5"]
[White "Fermin Dicent, Ellian Lissette"]
[Black "Santos Almonte, Carol"]
[Result "0-1"]
[WhiteElo "1683"]
[BlackElo "1797"]
[PlyCount "76"]
[EventDate "2015.03.06"]
[EventRounds "8"]
[EventCountry "DOM"]

1. d4 e6 2. e3 d5 3. Bd3 Nf6 4. Nf3 c5 5. c3 Nc6 6. O-O Be7 7. Nbd2 Bd7 8. Re1
c4 9. Bc2 b5 10. e4 O-O 11. e5 Ne8 12. Nf1 f6 13. Bb1 fxe5 14. Nxe5 Nxe5 15.
dxe5 Bc5 16. Ne3 Qh4 17. g3 Qe7 18. Re2 Bc6 19. Qc2 g6 20. Ng4 Qd7 21. h4 d4
22. cxd4 Qd5 23. Qe4 Bxd4 24. Qxd5 Bxd5 25. Be4 Nc7 26. Kg2 Bxe4+ 27. Rxe4 Bb6
28. h5 Nd5 29. hxg6 hxg6 30. Bg5 Bd8 31. Bh6 Rf5 32. Rh1 Bg5 33. f4 Be7 34. Ne3
Nxe3+ 35. Rxe3 Rd8 36. Re2 Rf7 37. a3 Rd3 38. Rc2 Bd8 0-1

[Event "Campeonato Nacional de Ajedrez Femenino 2015  "]
[Site "FDA, Santo Domingo"]
[Date "2015.03.15"]
[Round "8"]
[Board "6"]
[White "Rosario Almanzar, Raydili"]
[Black "Joaquin Salcedo, Candida"]
[Result "1/2-1/2"]
[WhiteElo "1714"]
[BlackElo "1753"]
[PlyCount "102"]
[EventDate "2015.03.06"]
[EventRounds "8"]
[EventCountry "DOM"]

1. e4 e5 2. Nf3 Nc6 3. Bc4 Nf6 4. d3 Bc5 5. Bg5 a6 6. Nc3 h6 7. Bh4 g5 8. Bg3
d6 9. h3 Ng8 10. Nh2 Bd7 11. Qh5 Rh7 12. Ng4 Bxg4 13. Qxg4 Qd7 14. Qxd7+ Kxd7
15. h4 f6 16. hxg5 fxg5 17. O-O-O Nf6 18. Nd5 Nxd5 19. Bxd5 Nb4 20. Bxb7 Rb8
21. Bd5 Nxd5 22. exd5 h5 23. f3 h4 24. Be1 Bd4 25. c3 Be3+ 26. Bd2 Bf4 27. Bxf4
gxf4 28. d4 Rg8 29. dxe5 dxe5 30. Rd2 Rg3 31. c4 h3 32. Rxh3 Rhxh3 33. gxh3
Rxf3 34. Rh2 e4 35. Kd2 Rd3+ 36. Ke1 Kd6 37. h4 Rg3 38. h5 e3 39. Ke2 Ke5 40.
h6 Ke4 41. h7 f3+ 42. Kd1 f2 43. Ke2 Rg1 44. Rh4+ Kf5 45. Rh5+ Kg6 46. Rh6+
Kxh6 47. h8=Q+ Kg6 48. Qg8+ Kh6 49. Qe6+ Kh5 50. Qe5+ Kg4 51. Qe4+ Kh5 1/2-1/2